Vakuumphysik und -Technik

Saved in:
Bibliographic Details
Format: Book
Language:German
Published: Leipzig : Geest und Portig, 1978
Tags: Add Tag
No Tags, Be the first to tag this record!

MARC

LEADER 00000nam a22000003a 4500
001 stu199521
005 20150408182714.8
008 100205s1978----ge------------------ger-d
040 |a STU  |b slo 
041 0 |a ger 
044 |a ge 
080 |a 533.5  |7 A000002165 
245 |a Vakuumphysik und -Technik 
260 |a Leipzig :  |b Geest und Portig,  |c 1978 
300 |a 443 s 
996 |b E42963  |c E*42963  |l EE11  |s P  |a 0  |w stu199521_0001